| 000 | 00942nab a22002417a 4500 | ||
|---|---|---|---|
| 999 |
_c5954 _d5954 |
||
| 003 | OSt | ||
| 005 | 20260114130627.0 | ||
| 008 | 190605e xxu||||| |||| 00| 0 spa d | ||
| 040 | _cPJ | ||
| 100 |
_96797 _aAnzarut, Gustavo |
||
| 245 | 1 | 3 |
_aLa inspección del trabajo y la Inteligencia Artificial (IA) / _cGustavo Anzarut. |
| 260 |
_aCiudad Autónoma de Buenos Aires : _bThomson Reuters La Ley, _c2024. |
||
| 300 | _ap. 47-49 | ||
| 500 | _aCita: TR LALEY AR/DOC/1611/2024. | ||
| 505 | _t¿Te interesa el texto completo? Solicitalo al correo: koha@justierradelfuego.gov.ar | ||
| 650 | 0 |
_9289 _aTECNOLOGIA DE LA INFORMACION |
|
| 650 | 0 |
_95233 _aPANDEMIA |
|
| 650 | 0 |
_9273 _aDERECHO INFORMATICO |
|
| 650 | 0 |
_9281 _aINTERNET |
|
| 650 | 0 |
_95817 _aINTELIGENCIA ARTIFICIAL |
|
| 773 | 0 |
_02711 _93168 _dCiudad Autónoma de Buenos Aires : Thomson Reuters La Ley, 1999-2002. _tRevista de derecho del trabajo. Nº 4 - Julio 2024 |
|
| 942 |
_2udc _cANA |
||